| 000 | 00843nam a2200241Ia 4500 | ||
|---|---|---|---|
| 003 | GCL | ||
| 008 | 140319s9999 xx 000 0 ara d | ||
| 020 | _a4032376977 | ||
| 040 |
_aGCL / _cGCL |
||
| 082 | 0 | 4 |
_a239.9 _bم م |
| 100 | 1 | _aمنصور عبدالحكيم | |
| 245 | 1 | 0 |
_aمبشرين بالجنة / _cمنصور عبدالحكيم |
| 250 | _aالاولى | ||
| 260 |
_aسوريا : _bدار الكتاب العربى ، _c2004 |
||
| 300 |
_a247ص ؛ _c24سم |
||
| 490 |
_a150 قصة لنساء ورجال _v0 |
||
| 650 | 0 | 4 | _aبنات النبى(ص) |
| 650 | 0 | 4 | _aزوجات النبى صلى الله عليه وسلم |
| 650 | 0 | 4 | _aالصحابة والتابعون - تراجم |
| 650 | 0 | 4 | _aالمرأة فى الاسلام |
| 650 | 0 | 4 | _aاهل بيت الرسول صلى الله عليه وسلم |
| 942 |
_2ddc _cBK |
||
| 999 |
_c5903 _d5903 |
||